Numerical simulation of electrical explosions in megagauss magnetic fields; Journal of Physics: Conference Series; Vol. 830 : Energy Fluxes and Radiation Effects 2016
| Parent link: | Journal of Physics: Conference Series Vol. 830 : Energy Fluxes and Radiation Effects 2016.— 2017.— [012029, 5 p.] |
|---|---|
| Autor Corporativo: | |
| Outros Autores: | , , , |
| Resumo: | Title screen The paper reports on a magnetohydrodynamic simulation of electrical explosions of conductors in megagauss magnetic fields. It is shown that in a plane geometry, the time of plasma formation at the surface of a metal conductor does not depend on the rate of rise of the magnetic field and is determined by the properties of the metal; the absolute values of the magnetic field at which plasma is formed are 5±0.25 MGs for copper, 4.25±0.2 MGs for tungsten, 3.85±0.15 MGs for aluminum, and 3.6±0.25 MGs for titanium. In cylindrical geometry, the time of plasma formation does depend on the rate of field rise. |
| Idioma: | inglês |
| Publicado em: |
2017
|
| Colecção: | High-current electronics |
| Assuntos: | |
| Acesso em linha: | http://dx.doi.org/10.1088/1742-6596/830/1/012029 http://earchive.tpu.ru/handle/11683/39522 |
| Formato: | Recurso Electrónico Capítulo de Livro |
| KOHA link: | https://koha.lib.tpu.ru/cgi-bin/koha/opac-detail.pl?biblionumber=654892 |
MARC
| LEADER | 00000nla2a2200000 4500 | ||
|---|---|---|---|
| 001 | 654892 | ||
| 005 | 20231101134838.0 | ||
| 035 | |a (RuTPU)RU\TPU\network\20605 | ||
| 035 | |a RU\TPU\network\20602 | ||
| 090 | |a 654892 | ||
| 100 | |a 20170526a2017 k y0engy50 ba | ||
| 101 | 0 | |a eng | |
| 105 | |a y z 100zy | ||
| 135 | |a drcn ---uucaa | ||
| 181 | 0 | |a i | |
| 182 | 0 | |a b | |
| 200 | 1 | |a Numerical simulation of electrical explosions in megagauss magnetic fields |f V. I. Oreshkin [et al.] | |
| 203 | |a Text |c electronic | ||
| 225 | 1 | |a High-current electronics | |
| 300 | |a Title screen | ||
| 320 | |a [References: 16 tit.] | ||
| 330 | |a The paper reports on a magnetohydrodynamic simulation of electrical explosions of conductors in megagauss magnetic fields. It is shown that in a plane geometry, the time of plasma formation at the surface of a metal conductor does not depend on the rate of rise of the magnetic field and is determined by the properties of the metal; the absolute values of the magnetic field at which plasma is formed are 5±0.25 MGs for copper, 4.25±0.2 MGs for tungsten, 3.85±0.15 MGs for aluminum, and 3.6±0.25 MGs for titanium. In cylindrical geometry, the time of plasma formation does depend on the rate of field rise. | ||
| 461 | 0 | |0 (RuTPU)RU\TPU\network\3526 |t Journal of Physics: Conference Series | |
| 463 | 0 | |0 (RuTPU)RU\TPU\network\20593 |t Vol. 830 : Energy Fluxes and Radiation Effects 2016 |o 5th International Congress, 2–7 October 2016, Tomsk, Russian Federation |o [materials] |f National Research Tomsk Polytechnic University (TPU) ; eds. M. V. Trigub G. E. Osokin ; A. S. Konovod |v [012029, 5 p.] |d 2017 | |
| 610 | 1 | |a электронный ресурс | |
| 610 | 1 | |a труды учёных ТПУ | |
| 610 | 1 | |a численное моделирование | |
| 610 | 1 | |a электрические взрывы | |
| 610 | 1 | |a магнитные поля | |
| 610 | 1 | |a проводники | |
| 610 | 1 | |a плазма | |
| 701 | 1 | |a Oreshkin |b V. I. |c specialist in the field of non-destructive testing |c Senior researcher of Tomsk Polytechnic University, Doctor of physical and mathematical sciences |f 1960- |g Vladimir Ivanovich |2 stltpush |3 (RuTPU)RU\TPU\pers\33779 | |
| 701 | 1 | |a Chaikovsky |b S. A. | |
| 701 | 1 | |a Khishchenko |b K. V. | |
| 701 | 1 | |a Oreshkin |b E. V. | |
| 712 | 0 | 2 | |a Национальный исследовательский Томский политехнический университет (ТПУ) |b Институт неразрушающего контроля (ИНК) |b Кафедра физических методов и приборов контроля качества (ФМПК) |h 68 |2 stltpush |3 (RuTPU)RU\TPU\col\18709 |
| 801 | 2 | |a RU |b 63413507 |c 20170620 |g RCR | |
| 856 | 4 | |u http://dx.doi.org/10.1088/1742-6596/830/1/012029 | |
| 856 | 4 | |u http://earchive.tpu.ru/handle/11683/39522 | |
| 942 | |c CF | ||